[Event "BL 8990 Heidelberg-Bamberg"]
[Site "?"]
[Date "1990.??.??"]
[Round "?.6"]
[White "Pirrot, D."]
[Black "Hartmann, G."]
[Result "1/2-1/2"]
[WhiteElo "2355"]
[BlackElo "2275"]
[PlyCount "86"]
[EventDate "1990.??.??"]

1. e4 Nf6 2. e5 Nd5 3. d4 d6 4. Nf3 g6 5. Bc4 Nb6 6. Bb3 Bg7 7. a4 d5 8. a5 Nc4
9. Nbd2 Nxd2 10. Bxd2 O-O 11. O-O Bg4 12. h3 Bxf3 13. Qxf3 e6 14. Bb4 Re8 15.
Ba4 c6 16. c3 Nd7 17. Qe3 Rc8 18. Bd6 Bf8 19. Bxf8 Rxf8 20. b4 Qe7 21. Bb3 f6
22. exf6 Qxf6 23. f4 Kh8 24. Bc2 Rce8 25. g3 Re7 26. Rae1 Rff7 27. Rf2 Qg7 28.
Rfe2 b6 29. axb6 axb6 30. Ra1 Qf8 31. Bd3 g5 32. fxg5 Rf3 33. Ra8 Rf1+ 34. Kg2
Qxa8 35. Kxf1 Qa1+ 36. Kg2 Qxc3 37. g6 e5 38. gxh7 e4 39. Qg5 Rg7 40. Qd8+ Kxh7
41. Rxe4 Qd2+ 42. Kh1 Qd1+ 43. Kh2 Qd2+ 1/2-1/2

[Event "BL 8990 Heidelberg-Bamberg"]
[Site "?"]
[Date "1990.??.??"]
[Round "?.7"]
[White "Kestler, H."]
[Black "Neunhoeffer, H."]
[Result "1/2-1/2"]
[WhiteElo "2355"]
[BlackElo "2265"]
[PlyCount "51"]
[EventDate "1990.??.??"]

1. d4 Nf6 2. Nf3 d5 3. c4 e6 4. Nc3 Be7 5. Bg5 Nbd7 6. e3 h6 7. Bh4 O-O 8. Rc1
c6 9. cxd5 exd5 10. Bd3 Ne4 11. Bxe7 Qxe7 12. O-O Ndf6 13. Ne5 Bf5 14. Qc2 Nxc3
15. bxc3 Bxd3 16. Qxd3 Rfd8 17. c4 c5 18. Nf3 Qe4 19. Qb3 cxd4 20. Nxd4 Qe7 21.
cxd5 Rxd5 22. Rc2 Rad8 23. Rfc1 R5d7 24. Rc8 Rxc8 25. Rxc8+ Kh7 26. Qc2+
1/2-1/2

[Event "BL 8990 Hofheim-Regensburg"]
[Site "?"]
[Date "1990.??.??"]
[Round "?.1"]
[White "Meduna, E."]
[Black "Zude, A."]
[Result "1-0"]
[WhiteElo "2475"]
[BlackElo "2325"]
[PlyCount "81"]
[EventDate "1990.??.??"]

1. d4 Nf6 2. Nf3 e6 3. Bg5 d5 4. e3 Be7 5. Nbd2 h6 6. Bh4 c5 7. c3 Nc6 8. Bd3
O-O 9. O-O b6 10. dxc5 bxc5 11. e4 Bb7 12. exd5 exd5 13. Re1 Re8 14. a3 Nd7 15.
Bg3 Qb6 16. b4 Bf6 17. Rc1 Nce5 18. Bb1 Rac8 19. Nxe5 Nxe5 20. Nb3 cxb4 21.
axb4 Nc4 22. Qd3 g6 23. Nc5 Bc6 24. Ba2 Qb5 25. Bb3 Nb6 26. Qd2 a5 27. h4 Kg7
28. Bf4 h5 29. Bg5 Bxg5 30. hxg5 Kg8 31. Qf4 axb4 32. cxb4 Nc4 33. Rxe8+ Rxe8
34. Rxc4 dxc4 35. Bxc4 Qb8 36. Qxf7+ Kh8 37. Qf6+ Kh7 38. Qxc6 Re1+ 39. Bf1
Qxb4 40. Qc7+ Kh8 41. Nd3 1-0

[Event "BL 8990 Hofheim-Regensburg"]
[Site "?"]
[Date "1990.??.??"]
[Round "?.2"]
[White "Buchal, S."]
[Black "Gross, S."]
[Result "1-0"]
[WhiteElo "2335"]
[BlackElo "2435"]
[PlyCount "59"]
[EventDate "1990.??.??"]

1. g3 d5 2. Bg2 e5 3. d3 c6 4. Nf3 Qc7 5. O-O Nf6 6. e4 dxe4 7. dxe4 Bg4 8.
Nbd2 Nbd7 9. h3 Bh5 10. Qe1 Bc5 11. Nc4 b5 12. Ne3 O-O 13. Nh4 Rfe8 14. a4 a6
15. Bd2 Rad8 16. Ba5 Bb6 17. axb5 axb5 18. b4 Bxa5 19. Rxa5 Nb6 20. Nhf5 Ra8
21. Qd2 Nfd7 22. Nxg7 Kxg7 23. Nf5+ Kh8 24. Qh6 Rg8 25. Rxa8 Nxa8 26. Qxh5 Nf6
27. Qh6 Ne8 28. Rd1 Nb6 29. Rd6 Nc4 30. Qxh7+ 1-0

[Event "BL 8990 Hofheim-Regensburg"]
[Site "?"]
[Date "1990.??.??"]
[Round "?.3"]
[White "Speckner, R."]
[Black "Troltenier, D."]
[Result "1/2-1/2"]
[WhiteElo "2235"]
[BlackElo "2300"]
[PlyCount "106"]
[EventDate "1990.??.??"]

1. e4 e5 2. Nf3 Nc6 3. Bb5 a6 4. Ba4 Nf6 5. O-O Be7 6. Bxc6 dxc6 7. d3 Nd7 8.
b3 O-O 9. Bb2 f6 10. Nbd2 Re8 11. Qe2 Nf8 12. d4 Bd6 13. dxe5 fxe5 14. Nc4 Ng6
15. Rad1 Qf6 16. Nxd6 cxd6 17. Qc4+ Kh8 18. Qb4 Rd8 19. Ne1 Rb8 20. Qb6 Be6 21.
Nd3 Qg5 22. Bc1 Qe7 23. Qe3 Re8 24. Ba3 Qc7 25. f4 exf4 26. Nxf4 Nxf4 27. Bxd6
Nd5 28. Qc5 Qb6 29. Qxb6 Nxb6 30. Bxb8 Rxb8 31. Rd2 Kg8 32. c4 a5 33. Rfd1 Kf7
34. Rd8 Rxd8 35. Rxd8 a4 36. Rb8 axb3 37. axb3 c5 38. Rxb7+ Nd7 39. Kf2 Ke7 40.
Ke3 Kd6 41. Kf4 h6 42. h4 g5+ 43. hxg5 hxg5+ 44. Kxg5 Ke5 45. Rc7 Kxe4 46. Rc6
Bf5 47. Rd6 Nf8 48. g4 Be6 49. Rd1 Nh7+ 50. Kh6 Bxg4 51. Re1+ Kd4 52. Kxh7 Bf5+
53. Kg7 Bc2 1/2-1/2

[Event "BL 8990 Hofheim-Regensburg"]
[Site "?"]
[Date "1990.??.??"]
[Round "?.4"]
[White "Schmitzer, K."]
[Black "Mandl, Ro"]
[Result "1/2-1/2"]
[WhiteElo "2305"]
[BlackElo "2285"]
[PlyCount "37"]
[EventDate "1990.??.??"]

1. d4 Nf6 2. c4 e6 3. Nc3 Bb4 4. g3 c5 5. Nf3 b6 6. Bg2 Bb7 7. dxc5 Bxc5 8. O-O
O-O 9. a3 Ne4 10. Nb5 a6 11. Nbd4 d5 12. cxd5 Bxd5 13. Be3 Nd7 14. Rc1 Rc8 15.
b4 Be7 16. Qa4 Nc3 17. Qxa6 Bc4 18. Qb7 Bd5 19. Qa6 1/2-1/2

[Event "BL 8990 Hofheim-Regensburg"]
[Site "?"]
[Date "1990.??.??"]
[Round "?.7"]
[White "Schmid, G."]
[Black "Huisl, W."]
[Result "1/2-1/2"]
[WhiteElo "2315"]
[BlackElo "2335"]
[PlyCount "71"]
[EventDate "1990.??.??"]

1. e4 e5 2. Nf3 Nc6 3. Bb5 Nf6 4. d4 exd4 5. O-O d6 6. Nxd4 Bd7 7. Bxc6 bxc6 8.
Nc3 Be7 9. Qf3 O-O 10. e5 Ng4 11. Nxc6 Nxe5 12. Nxe7+ Qxe7 13. Qg3 Bc6 14. Bg5
f6 15. Be3 Rfe8 16. Rad1 Qf7 17. Rd4 Qg6 18. Qxg6 hxg6 19. b3 g5 20. h3 Kf7 21.
Rfd1 a6 22. Bc1 Rh8 23. f4 gxf4 24. Bxf4 Rac8 25. Bxe5 dxe5 26. Rc4 Be8 27. Rc5
Rh4 28. a3 c6 29. Na2 Rd4 30. Rxd4 exd4 31. Nb4 Ke6 32. Nxa6 Kd6 33. Rc4 c5 34.
Nxc5 Rxc5 35. Rxd4+ Ke5 36. Rd2 1/2-1/2

[Event "BL 8990 Dortmund-Kirchheim"]
[Site "?"]
[Date "1990.??.??"]
[Round "?.1"]
[White "Graf, J."]
[Black "Schmittdiel, E."]
[Result "1/2-1/2"]
[WhiteElo "2425"]
[BlackElo "2435"]
[PlyCount "44"]
[EventDate "1990.??.??"]

1. Nf3 Nf6 2. c4 e6 3. Nc3 Bb4 4. Qc2 O-O 5. a3 Bxc3 6. Qxc3 a5 7. b3 b6 8. e3
Bb7 9. Be2 d6 10. Bb2 Nbd7 11. O-O Qe7 12. d3 e5 13. b4 Rfe8 14. Qc2 h6 15. Bc3
axb4 16. axb4 Nh7 17. Rxa8 Rxa8 18. Ra1 Qd8 19. Qb2 Ng5 20. Nxg5 hxg5 21. d4
exd4 22. Bxd4 f6 1/2-1/2

[Event "BL 8990 Dortmund-Kirchheim"]
[Site "?"]
[Date "1990.??.??"]
[Round "?.2"]
[White "Mainka, R."]
[Black "Gschnitzer, O."]
[Result "0-1"]
[WhiteElo "2450"]
[BlackElo "2405"]
[PlyCount "92"]
[EventDate "1990.??.??"]

1. e4 c5 2. Nf3 Nc6 3. Bb5 d6 4. O-O Bd7 5. c3 Nf6 6. Re1 a6 7. Bxc6 Bxc6 8. d4
Bxe4 9. Bg5 Bd5 10. Nbd2 c4 11. b3 b5 12. bxc4 bxc4 13. Bxf6 gxf6 14. Nf1 Bg7
15. Ne3 Be4 16. Nh4 e6 17. Qg4 Bg6 18. d5 f5 19. Nexf5 Bxc3 20. dxe6 Bxa1 21.
Qxc4 Bf6 22. e7 Bxe7 23. Nxe7 Kf8 24. Qd4 Rg8 25. Qe3 Rg7 26. Qh6 Qa5 27.
Nhxg6+ fxg6 28. Re3 Qb4 29. h3 Qb2 30. Nxg6+ Kg8 31. Nf4 Rf8 32. Qxd6 Qb1+ 33.
Kh2 Qxa2 34. Rg3 Rxg3 35. fxg3 Qa1 36. Qe6+ Kh8 37. Nd5 a5 38. g4 a4 39. g5 Qg7
40. Qd6 Re8 41. Nf6 Rc8 42. Nd5 a3 43. Qe6 Ra8 44. Qc6 Qe5+ 45. Kg1 Qd4+ 46.
Kh2 Rd8 0-1

[Event "BL 8990 Dortmund-Kirchheim"]
[Site "?"]
[Date "1990.??.??"]
[Round "?.3"]
[White "Mueller, O."]
[Black "Keitlinghaus, L."]
[Result "1-0"]
[WhiteElo "2355"]
[BlackElo "2405"]
[PlyCount "103"]
[EventDate "1990.??.??"]

1. e4 e6 2. d4 d5 3. Nd2 c5 4. exd5 Qxd5 5. Ngf3 cxd4 6. Bc4 Qd6 7. O-O Nf6 8.
Nb3 Nc6 9. Nbxd4 Nxd4 10. Nxd4 a6 11. Re1 Qc7 12. Bb3 Bd6 13. Nf5 Bxh2+ 14. Kh1
O-O 15. Nxg7 Kxg7 16. Qd4 e5 17. Qh4 Ng4 18. Bh6+ Nxh6 19. Qg5+ Kh8 20. Qxh6
Qe7 21. Kxh2 f6 22. Re3 Be6 23. Rd1 Rf7 24. Bxe6 Qxe6 25. Rg3 Re8 26. b3 e4 27.
c4 Qe7 28. Qf4 Rg8 29. Rxg8+ Kxg8 30. Rd4 f5 31. Rd6 Rf6 32. Rd5 Qe6 33. g3 Kf7
34. Kg2 Kg6 35. Rd8 h6 36. Kg1 Qe7 37. Rh8 Kg7 38. Rc8 Rf7 39. Qb8 e3 40. Rg8+
Kf6 41. Qf4 exf2+ 42. Kxf2 Qc5+ 43. Kg2 Ke7 44. Qxh6 Qd4 45. Qg5+ Qf6 46. Kf3
Qxg5 47. Rxg5 b5 48. Kf4 bxc4 49. bxc4 Rf6 50. Rxf5 Rb6 51. Re5+ Kf7 52. Re2
1-0

[Event "BL 8990 Dortmund-Kirchheim"]
[Site "?"]
[Date "1990.??.??"]
[Round "?.6"]
[White "Finegold, B."]
[Black "Schindler, W."]
[Result "1-0"]
[WhiteElo "2375"]
[BlackElo "2295"]
[PlyCount "91"]
[EventDate "1990.??.??"]

1. d4 Nf6 2. c4 g6 3. Nc3 d5 4. e3 Bg7 5. Qb3 c6 6. Nf3 O-O 7. Bd2 Qb6 8. Bd3
Bf5 9. Bxf5 Qxb3 10. axb3 gxf5 11. h3 e6 12. Ke2 Na6 13. cxd5 Nxd5 14. g4 fxg4
15. hxg4 c5 16. Nxd5 exd5 17. Rh5 Rfe8 18. Rxd5 cxd4 19. Nxd4 Nc5 20. Rxc5 Bxd4
21. Rg5+ Kh8 22. Bc3 Bxc3 23. bxc3 Re7 24. Rd1 Rg8 25. Rxg8+ Kxg8 26. Rd6 Rc7
27. c4 Kg7 28. g5 Rc5 29. f4 Ra5 30. Rd7 b5 31. Rb7 bxc4 32. bxc4 Ra3 33. Kd2
Kg6 34. c5 Ra5 35. Rc7 Ra3 36. Rd7 Ra5 37. Rd5 Ra3 38. c6 Ra2+ 39. Kc1 Ra3 40.
Rc5 Rxe3 41. c7 Re8 42. c8=Q Rxc8 43. Rxc8 Kf5 44. Rc7 Kxf4 45. Rxf7+ Kxg5 46.
Rxh7 1-0

[Event "BL 8990 Dortmund-Kirchheim"]
[Site "?"]
[Date "1990.??.??"]
[Round "?.7"]
[White "Messmer, M."]
[Black "Buecker, S."]
[Result "1-0"]
[WhiteElo "2290"]
[BlackElo "2325"]
[PlyCount "101"]
[EventDate "1990.??.??"]

1. c4 f5 2. Nc3 Nf6 3. d4 d6 4. Bg5 c6 5. Bxf6 exf6 6. e3 Be6 7. Bd3 d5 8. c5
b5 9. Qf3 g6 10. Nge2 Qd7 11. h3 a5 12. O-O-O Na6 13. Nf4 Nc7 14. h4 Bh6 15.
Nce2 Bf7 16. Kb1 Bxf4 17. Nxf4 h5 18. Rhe1 Ne6 19. Nxe6 Bxe6 20. Qf4 O-O-O 21.
a4 Kb7 22. axb5 cxb5 23. c6+ Qxc6 24. Rc1 Qb6 25. Rc5 Bd7 26. Rxd5 Bc6 27. Rc5
Rd5 28. Rec1 Rxc5 29. Rxc5 Rd8 30. Qh6 Be8 31. Qg7+ Ka6 32. Qe7 Qd6 33. Qg7 Kb6
34. Be2 Bc6 35. Bf3 Bxf3 36. gxf3 f4 37. Qxg6 fxe3 38. fxe3 Qe6 39. Qf5 Qxf5+
40. Rxf5 a4 41. Rxf6+ Ka5 42. Rf5 Rg8 43. Rxh5 Rg1+ 44. Kc2 Kb4 45. Rg5 Rf1 46.
Rg2 Rxf3 47. d5 Kc5 48. Rd2 Kd6 49. Kd3 Ke5 50. d6 Rf8 51. d7 1-0

[Event "BL 8990 Solingen-Sindelfingen"]
[Site "?"]
[Date "1990.??.??"]
[Round "?.3"]
[White "Fahnenschmidt, G."]
[Black "Lobron, E."]
[Result "1/2-1/2"]
[WhiteElo "2405"]
[BlackElo "2585"]
[PlyCount "71"]
[EventDate "1990.??.??"]

1. d4 Nf6 2. c4 e6 3. Nc3 Bb4 4. e3 O-O 5. Bd3 d5 6. Nf3 c5 7. O-O Nbd7 8. a3
cxd4 9. exd4 Bxc3 10. bxc3 dxc4 11. Bxc4 Qc7 12. Qe2 b6 13. Ne5 Nxe5 14. dxe5
Nd7 15. Bf4 Bb7 16. Rfd1 Nc5 17. Rd4 Rad8 18. Qg4 Be4 19. Bg5 Rxd4 20. cxd4 Bf5
21. Qe2 Ne4 22. Be3 Nc3 23. Qf1 Qe7 24. Bd2 b5 25. Bxc3 bxc4 26. Bb4 Qc7 27.
Bxf8 Kxf8 28. Rc1 c3 29. g4 Bg6 30. Qb5 c2 31. f4 Qd8 32. Qc5+ Ke8 33. Qc6+ Kf8
34. Qc5+ Ke8 35. Qc6+ Kf8 36. Qc5+ 1/2-1/2

[Event "BL 8990 Solingen-Sindelfingen"]
[Site "?"]
[Date "1990.??.??"]
[Round "?.4"]
[White "Lau, R."]
[Black "Kraut, R."]
[Result "1-0"]
[WhiteElo "2470"]
[BlackElo "2380"]
[PlyCount "89"]
[EventDate "1990.??.??"]

1. c4 Nf6 2. Nc3 e6 3. Nf3 d5 4. d4 c5 5. cxd5 Nxd5 6. e3 cxd4 7. exd4 Be7 8.
Bd3 O-O 9. O-O Nc6 10. Re1 Nf6 11. a3 b6 12. Bg5 Bb7 13. Bc2 Qd6 14. Qd3 g6 15.
Rad1 Rad8 16. Bb3 Rfe8 17. Ba2 Nh5 18. Ne4 Qc7 19. h4 Bxg5 20. hxg5 Ne7 21. Ne5
Nf5 22. Ng4 Bxe4 23. Qxe4 Qe7 24. f4 Qd6 25. Qe5 Re7 26. Bb1 Qxe5 27. dxe5 Red7
28. Rxd7 Rxd7 29. Rc1 Rd8 30. Bxf5 gxf5 31. Nf6+ Nxf6 32. gxf6 h5 33. Rc7 a5
34. Rb7 Rd4 35. Rxb6 Rxf4 36. Rb8+ Kh7 37. Rf8 Re4 38. Rxf7+ Kg8 39. Rb7 Rxe5
40. b4 axb4 41. axb4 Re1+ 42. Kf2 Rb1 43. b5 e5 44. b6 e4 45. Rg7+ 1-0

[Event "BL 8990 Solingen-Sindelfingen"]
[Site "?"]
[Date "1990.??.??"]
[Round "?.5"]
[White "Werner, Marc"]
[Black "Schneider, B1."]
[Result "1-0"]
[WhiteElo "2360"]
[BlackElo "2475"]
[PlyCount "79"]
[EventDate "1990.??.??"]

1. e4 g6 2. d4 Bg7 3. Nc3 d6 4. Be3 Nc6 5. f4 e5 6. dxe5 dxe5 7. Qxd8+ Kxd8 8.
O-O-O+ Bd7 9. Nf3 Nh6 10. h3 f6 11. fxe5 Nxe5 12. Nxe5 fxe5 13. Bc4 Kc8 14.
Rxd7 Kxd7 15. Rd1+ Ke8 16. Nb5 Rc8 17. Be6 Ke7 18. Bxc8 Rxc8 19. Nxa7 Ra8 20.
Nb5 Rc8 21. c4 Nf7 22. c5 Bf6 23. Kc2 Bg5 24. Bf2 Ke6 25. a4 Be7 26. b4 b6 27.
cxb6 cxb6+ 28. Kb3 Ng5 29. Bxb6 Nxe4 30. a5 Rb8 31. Nc7+ Kf5 32. b5 Nd6 33. Nd5
Bf8 34. Ka4 Ne4 35. a6 Nc5+ 36. Bxc5 Bxc5 37. Ka5 e4 38. b6 e3 39. a7 Rh8 40.
Kb5 1-0

[Event "BL 8990 Solingen-Sindelfingen"]
[Site "?"]
[Date "1990.??.??"]
[Round "?.6"]
[White "Zysk, R."]
[Black "Bialas, W."]
[Result "0-1"]
[WhiteElo "2450"]
[BlackElo "2370"]
[PlyCount "75"]
[EventDate "1990.??.??"]

1. d4 Nf6 2. c4 e6 3. Nc3 c5 4. d5 exd5 5. cxd5 d6 6. e4 g6 7. f4 Bg7 8. Bb5+
Nfd7 9. a4 Qh4+ 10. g3 Qe7 11. Nf3 O-O 12. O-O Na6 13. Re1 Nb4 14. e5 a6 15.
Bf1 dxe5 16. a5 b5 17. axb6 Bb7 18. Bg2 Qd6 19. fxe5 Nxe5 20. Nxe5 Bxe5 21.
Rxe5 Qxe5 22. Bf4 Qd4+ 23. Qxd4 cxd4 24. Ne4 Nxd5 25. Nc5 Bc6 26. b7 Rad8 27.
Rxa6 Nxf4 28. Bxc6 d3 29. gxf4 d2 30. Bf3 d1=Q+ 31. Bxd1 Rxd1+ 32. Kf2 Rd2+ 33.
Ke3 Rdd8 34. Rb6 Rfe8+ 35. Kf3 h5 36. b4 Kg7 37. f5 g5 38. h3 {ZÜ} 0-1

[Event "BL 8990 Solingen-Sindelfingen"]
[Site "?"]
[Date "1990.??.??"]
[Round "?.7"]
[White "Franke, H."]
[Black "Podzielny, K."]
[Result "1/2-1/2"]
[WhiteElo "2370"]
[BlackElo "2430"]
[PlyCount "87"]
[EventDate "1990.??.??"]

1. d4 Nf6 2. Nf3 g6 3. Bf4 Bg7 4. e3 O-O 5. Be2 d6 6. h3 Nbd7 7. O-O b6 8. c4
c5 9. Nc3 cxd4 10. exd4 Bb7 11. d5 a6 12. a4 Rc8 13. Re1 Rc7 14. Bf1 Re8 15.
Rc1 Qc8 16. b3 Nc5 17. b4 Ncd7 18. Qb3 Qa8 19. Rcd1 a5 20. b5 Nh5 21. Bd2 Nc5
22. Qa2 e6 23. Ne4 Nxe4 24. Rxe4 Nf6 25. Ree1 exd5 26. Be3 Nd7 27. cxd5 Nc5 28.
Bc4 Qc8 29. Rc1 Nd7 30. Bf1 Re7 31. Rxc7 Qxc7 32. Rc1 Nc5 33. Nd4 Re4 34. Nc6
Bc8 35. Rc4 Re8 36. g3 Bf5 37. Bg2 h5 38. h4 Qd7 39. Kh2 Bd3 40. Rc1 Qg4 41.
Qd2 Bf5 42. Re1 Nd3 43. Rf1 Nb2 44. Qc1 1/2-1/2

[Event "BL 8990 Solingen-Sindelfingen"]
[Site "?"]
[Date "1990.??.??"]
[Round "?.8"]
[White "Dueball, J."]
[Black "Carstens, A."]
[Result "1/2-1/2"]
[WhiteElo "2435"]
[BlackElo "2340"]
[PlyCount "86"]
[EventDate "1990.??.??"]

1. e4 e6 2. d4 d5 3. Nc3 Bb4 4. e5 c5 5. a3 Bxc3+ 6. bxc3 Ne7 7. a4 Nbc6 8. Nf3
Qa5 9. Qd2 Bd7 10. Bd3 f6 11. O-O fxe5 12. Nxe5 Nxe5 13. dxe5 O-O 14. Qg5 Rae8
15. Bd2 Qc7 16. Rfe1 c4 17. Bf1 Rf5 18. Qe3 Ng6 19. Qxa7 Nxe5 20. f4 Nc6 21.
Qe3 Ref8 22. g3 e5 23. fxe5 Nxe5 24. Bg2 Nf3+ 25. Bxf3 Rxf3 26. Qg5 R8f5 27.
Qh4 Qb6+ 28. Qd4 Qxd4+ 29. cxd4 Rf2 30. Bf4 Rxc2 31. Re7 Rf7 32. Re5 Bc6 33. a5
h6 34. h4 Kh7 35. Re6 Rf6 36. Re7 h5 37. a6 bxa6 38. Rxa6 Rg6 39. Re5 c3 40.
Rxh5+ Kg8 41. Re5 Rd2 42. Re3 Rxd4 43. Rxc3 Rxf4 1/2-1/2

[Event "BL 8990 Kirchheim-Solingen"]
[Site "?"]
[Date "1990.??.??"]
[Round "?.3"]
[White "Lobron, E."]
[Black "Mueller, O."]
[Result "1-0"]
[WhiteElo "2585"]
[BlackElo "2355"]
[PlyCount "121"]
[EventDate "1990.??.??"]

1. Nf3 Nf6 2. c4 c5 3. g3 b6 4. Bg2 Bb7 5. O-O e6 6. Nc3 d6 7. b3 a6 8. Bb2 Be7
9. e3 O-O 10. d4 Ne4 11. d5 Bf6 12. Nxe4 Bxb2 13. Rb1 exd5 14. cxd5 Bf6 15. b4
Bc8 16. bxc5 bxc5 17. Nfd2 Bf5 18. Nc4 Be7 19. Rb7 Bc8 20. Rb3 Bd7 21. a4 Bxa4
22. Rxb8 Bxd1 23. Rxd8 Rfxd8 24. Rxd1 f5 25. Ned2 a5 26. Nb6 Ra6 27. Na4 Rb8
28. Bf1 Ra7 29. Ra1 Rb4 30. Nc4 Kf8 31. h3 Rab7 32. Ra2 Rb1 33. Nxa5 R7b4 34.
Kg2 Rc1 35. Nc6 Rbb1 36. Bd3 Ra1 37. Rxa1 Rxa1 38. Nb6 g6 39. Nc8 Rd1 40. Bc4
Rc1 41. Bf1 c4 42. Bxc4 Rxc4 43. N8xe7 Kf7 44. Nc8 Rc5 45. Nxd6+ Kf8 46. Nb4
Ke7 47. Nb7 Rb5 48. Na5 Kd6 49. Nac6 Rc5 50. g4 Rc4 51. Kg3 Kc5 52. Ne5 Re4 53.
f3 f4+ 54. exf4 Rd4 55. f5 gxf5 56. gxf5 Kd6 57. Nbc6 Ra4 58. f6 Ra8 59. Nc4+
Kc5 60. N6e5 Rg8+ 61. Kf4 1-0

[Event "BL 8990 Kirchheim-Solingen"]
[Site "?"]
[Date "1990.??.??"]
[Round "?.5"]
[White "Schneider, B1."]
[Black "Biebinger, G."]
[Result "0-1"]
[WhiteElo "2475"]
[BlackElo "2290"]
[PlyCount "112"]
[EventDate "1990.??.??"]

1. c4 c5 2. Nf3 Nc6 3. Nc3 g6 4. d4 cxd4 5. Nxd4 Bg7 6. Nc2 Bxc3+ 7. bxc3 Qa5
8. e4 Nf6 9. f3 b6 10. Be2 Ba6 11. O-O Rc8 12. Ne3 O-O 13. Nd5 Nxd5 14. cxd5
Bxe2 15. Qxe2 Ne5 16. Bh6 Rfe8 17. f4 Qc5+ 18. Kh1 Qc4 19. Qd1 Nd3 20. Qf3 Qxc3
21. Rab1 Qc2 22. Rb3 Nc5 23. Re3 f6 24. g4 e6 25. d6 Qxa2 26. Rfe1 Kf7 27. e5
f5 28. Qg3 Kg8 29. Qh4 Qd5+ 30. Kg1 Rf8 31. Bxf8 Rxf8 32. Qf2 a5 33. g5 a4 34.
R3e2 Qc4 35. Rc2 Qb4 36. Ra1 a3 37. Qd2 Qa4 38. Rca2 Ne4 39. Qe3 Qc4 40. Rxa3
h5 41. gxh6 Kh7 42. Ra7 Nc5 43. Rc1 Qb5 44. Rc7 Ra8 45. Qf2 Qa4 46. Rf1 Qc4 47.
Qf3 Ra2 48. Rf2 Ra1+ 49. Kg2 Qa4 50. Qe2 Ra3 51. Rc8 Qd4 52. Rf3 Qd5 53. Kg3
Ra2 54. Rxc5 bxc5 55. Qd3 Qc6 56. Qb3 Ra8 {.../66/} 0-1

[Event "BL 8990 Kirchheim-Solingen"]
[Site "?"]
[Date "1990.??.??"]
[Round "?.6"]
[White "Schindler, W."]
[Black "Reeh, O."]
[Result "1/2-1/2"]
[WhiteElo "2295"]
[BlackElo "2430"]
[PlyCount "85"]
[EventDate "1990.??.??"]

1. Nf3 Nf6 2. c4 g6 3. g3 Bg7 4. Bg2 O-O 5. O-O d6 6. Nc3 Nc6 7. d3 Nh5 8. Rb1
f5 9. Bd2 a5 10. a3 f4 11. b4 axb4 12. axb4 Bg4 13. Ne4 Qd7 14. b5 Nd4 15. Nxd4
Bxd4 16. Bc3 Bxc3 17. Nxc3 Bh3 18. Ra1 fxg3 19. fxg3 Rxf1+ 20. Bxf1 Rf8 21. Qd2
Rxf1+ 22. Rxf1 Bxf1 23. Kxf1 Qh3+ 24. Kg1 Nf6 25. e4 e6 26. Ne2 Qh5 27. Nf4 Qe5
28. Kg2 g5 29. Nh3 h6 30. Nf2 Qd4 31. Qa5 b6 32. Qa8+ Kf7 33. Qd8 Qc5 34. h3 h5
35. e5 dxe5 36. Ne4 Nxe4 37. dxe4 g4 38. h4 Qd6 39. Qxd6 cxd6 40. Kf2 Ke7 41.
Ke3 Kd7 42. Kd3 Kc7 43. Ke3 1/2-1/2

[Event "BL 8990 Kirchheim-Solingen"]
[Site "?"]
[Date "1990.??.??"]
[Round "?.7"]
[White "Zysk, R."]
[Black "Messmer, M."]
[Result "0-1"]
[WhiteElo "2450"]
[BlackElo "2290"]
[PlyCount "75"]
[EventDate "1990.??.??"]

1. d4 Nf6 2. c4 e6 3. Nc3 Bb4 4. Qc2 Nc6 5. e3 d5 6. Nf3 O-O 7. a3 Bxc3+ 8.
Qxc3 a5 9. b3 Bd7 10. Qc2 Na7 11. Ne5 Be8 12. a4 Kh8 13. Ba3 Rg8 14. Bd3 Nc6
15. O-O Rc8 16. f4 g6 17. Qd2 b6 18. Qe1 Ne7 19. Rc1 Ne4 20. Bxe4 dxe4 21. d5
f6 22. Ng4 Nf5 23. Rd1 exd5 24. Rxd5 Nd6 25. Bb2 Rf8 26. Qh4 Kg7 27. Rh5 gxh5
28. Qg5+ Bg6 29. f5 hxg4 30. fxg6 hxg6 31. Rf4 Qe7 32. Rxg4 Qf7 33. Rf4 Ne8 34.
Rxe4 Rd8 35. Qg4 Qd7 36. Qxd7+ Rxd7 37. Bc3 Rd3 38. Be1 0-1

[Event "BL 8990 Sindelfingen-Dortmund"]
[Site "?"]
[Date "1990.??.??"]
[Round "?.1"]
[White "Schmittdiel, E."]
[Black "Mohr, S."]
[Result "1-0"]
[WhiteElo "2435"]
[BlackElo "2485"]
[PlyCount "75"]
[EventDate "1990.??.??"]

1. e4 g6 2. d4 Bg7 3. c4 d6 4. Nc3 Nd7 5. Be3 e5 6. Qd2 exd4 7. Bxd4 Ngf6 8.
Nge2 O-O 9. f3 Ne5 10. Nf4 c6 11. h4 Qe7 12. Be2 a6 13. a4 Nfd7 14. Rd1 Nc5 15.
Be3 Bf6 16. Bf2 Ne6 17. Nh3 Bxh4 18. g3 Bf6 19. f4 Nd7 20. Qxd6 Qxd6 21. Rxd6
Be7 22. Rd2 a5 23. Be3 Nec5 24. e5 Ra6 25. Bf1 Re8 26. Rdh2 Rb6 27. Nf2 Rxb2
28. Rxh7 Bf6 29. Nfd1 Nxe5 30. fxe5 Bxe5 31. Nxb2 Bxc3+ 32. Kf2 Ne4+ 33. Kg2
Bxb2 34. Bb6 Ng5 35. R7h4 Bf5 36. Kf2 Bc3 37. Bd4 Ne4+ 38. Rxe4 1-0

[Event "BL 8990 Sindelfingen-Dortmund"]
[Site "?"]
[Date "1990.??.??"]
[Round "?.2"]
[White "Rajkovic, D."]
[Black "Mainka, R."]
[Result "1/2-1/2"]
[WhiteElo "2465"]
[BlackElo "2450"]
[PlyCount "62"]
[EventDate "1990.??.??"]

1. Nf3 Nf6 2. g3 g6 3. Bg2 Bg7 4. O-O O-O 5. a4 d6 6. d4 c6 7. a5 Qc7 8. Nc3 e5
9. e4 Na6 10. Re1 Re8 11. h3 Bd7 12. Be3 b5 13. axb6 axb6 14. Qe2 b5 15. dxe5
dxe5 16. Nd2 Be6 17. Ncb1 Qc8 18. Kh2 Nc7 19. Na3 Nd7 20. c3 Na6 21. Nc2 Ndc5
22. Nb4 Na4 23. Nxa6 Rxa6 24. Nf3 Qb7 25. Qc2 f6 26. Nd2 Bf8 27. Bf1 Nc5 28.
Rxa6 Qxa6 29. b4 Nd7 30. Rb1 Nb6 31. Qd1 Na4 1/2-1/2

[Event "BL 8990 Sindelfingen-Dortmund"]
[Site "?"]
[Date "1990.??.??"]
[Round "?.4"]
[White "Kraut, R."]
[Black "Stein, B."]
[Result "1-0"]
[WhiteElo "2380"]
[BlackElo "2380"]
[PlyCount "55"]
[EventDate "1990.??.??"]

1. e4 c5 2. Nf3 e6 3. Nc3 Nc6 4. Bb5 Nge7 5. O-O Nd4 6. Nxd4 cxd4 7. Ne2 a6 8.
Bd3 Nc6 9. c3 Bc5 10. b4 Ba7 11. a4 d5 12. exd5 Qxd5 13. b5 Ne5 14. Nf4 Qd7 15.
Ba3 Nxd3 16. Nxd3 f6 17. Qf3 axb5 18. axb5 Bb6 19. c4 Bd8 20. Nc5 Qc7 21. Ne4
Ra4 22. Nd6+ Kd7 23. c5 Be7 24. Rfc1 Rf8 25. Qb3 Qa5 26. c6+ bxc6 27. bxc6+ Kc7
28. Nb5+ 1-0

[Event "BL 8990 Sindelfingen-Dortmund"]
[Site "?"]
[Date "1990.??.??"]
[Round "?.6"]
[White "Bialas, W."]
[Black "Finegold, B."]
[Result "1/2-1/2"]
[WhiteElo "2370"]
[BlackElo "2375"]
[PlyCount "40"]
[EventDate "1990.??.??"]

1. g3 d5 2. Bg2 Nf6 3. f4 g6 4. Nf3 Bg7 5. O-O O-O 6. d3 c5 7. c3 Nc6 8. Qc2 d4
9. e4 dxe3 10. Na3 Bf5 11. Ne1 Ng4 12. Nc4 Qd7 13. Nxe3 Nxe3 14. Bxe3 c4 15.
Be4 Qe6 16. Bf2 Bh3 17. Ng2 cxd3 18. Qxd3 Rfd8 19. Qc2 Rac8 20. Rfe1 Qd6
1/2-1/2

[Event "BL 8990 Sindelfingen-Dortmund"]
[Site "?"]
[Date "1990.??.??"]
[Round "?.7"]
[White "Buecker, S."]
[Black "Franke, H."]
[Result "1/2-1/2"]
[WhiteElo "2325"]
[BlackElo "2370"]
[PlyCount "49"]
[EventDate "1990.??.??"]

1. f4 d5 2. b3 Nf6 3. Bb2 g6 4. Nf3 Bg7 5. e3 O-O 6. Be2 c6 7. c4 a5 8. Nc3 Bg4
9. O-O Nbd7 10. Ne5 Bxe2 11. Qxe2 e6 12. Na4 Qe7 13. c5 Rfd8 14. d3 Nxe5 15.
Bxe5 Ne8 16. Rf2 f6 17. Bc3 f5 18. Be5 Nf6 19. Bxf6 Bxf6 20. d4 Qg7 21. g3 g5
22. Kh1 g4 23. Rg1 Kf7 24. Nb6 Ra7 25. Qd1 1/2-1/2

[Event "BL 8990 Sindelfingen-Dortmund"]
[Site "?"]
[Date "1990.??.??"]
[Round "?.8"]
[White "Carstens, A."]
[Black "Buecker, P."]
[Result "1/2-1/2"]
[WhiteElo "2340"]
[BlackElo "2360"]
[PlyCount "22"]
[EventDate "1990.??.??"]

1. e4 c6 2. d4 d5 3. Nd2 dxe4 4. Nxe4 Nd7 5. Bc4 Ngf6 6. Ng5 e6 7. Qe2 Nb6 8.
Bd3 h6 9. N5f3 c5 10. dxc5 Bxc5 11. Ne5 Nbd7 1/2-1/2

[Event "BL 9091 Bayern-Nürnberg"]
[Site "?"]
[Date "1990.??.??"]
[Round "?.3"]
[White "Seibold, H."]
[Black "Kindermann, S."]
[Result "1/2-1/2"]
[WhiteElo "2210"]
[BlackElo "2530"]
[PlyCount "48"]
[EventDate "1990.??.??"]

1. e4 e6 2. d4 d5 3. Nc3 Bb4 4. e5 c5 5. a3 Bxc3+ 6. bxc3 Ne7 7. Qg4 Qc7 8.
Qxg7 Rg8 9. Qxh7 cxd4 10. Ne2 Nbc6 11. f4 dxc3 12. Qd3 Bd7 13. Nxc3 a6 14. Ne2
Rc8 15. Bd2 Nf5 16. h4 Nce7 17. c3 Bb5 18. Qf3 Bxe2 19. Bxe2 Rg3 20. Qf2 Rxc3
21. Bf3 Qc4 22. Be2 Qc7 23. Bf3 Qc4 24. Be2 Qc7 1/2-1/2